Normal view MARC view

Entry Meeting Name

Number of records used in: 1

001 - CONTROL NUMBER

  • control field: 16348

003 - CONTROL NUMBER IDENTIFIER

  • control field: OSt

005 - DATE AND TIME OF LATEST TRANSACTION

  • control field: 20211105134030.0

008 - FIXED-LENGTH DATA ELEMENTS

  • fixed length control field: 211105|| aca||aabn | a|a d

040 ## - CATALOGING SOURCE

  • Original cataloging agency: OSt
  • Transcribing agency: OSt

111 ## - HEADING--MEETING NAME

  • Meeting name or jurisdiction name as entry element: Symposium on Molecular Clouds in the Milky Way and External Galaxies
  • Location of meeting: University of Massachusetts, Amherst, US
  • Date of meeting or treaty signing: 1987 Nov. 2-4

670 ## - SOURCE DATA FOUND

  • Source citation: Work cat.: (OSt): Symposium on Molecular Clouds in the Milky Way and External Galaxies University of Massachusetts, Amherst, US 1987 Nov. 2-4, Molecular clouds in the milky way and external galaxies, 1988

Powered by Koha